000 00702nam a2200241 i 4500
001 C2-0283716
003 PPAK
005 20180728013709.0
008 071121s2007 my a|||| ||||| | ara d
020 _a9789836293879
040 _aPPAK
_beng
_cPPAK
_erda
082 0 4 _a899.23
_223
090 0 0 _a899.23
_bMOH
_dK
100 0 _aMohd Jaiz Anuar Ahmad,
_eauthor
245 1 0 _aHaiya nantiq
264 1 _aKuala Lumpur :
_bDewan Bahasa dan Pustaka ,
_c2007
300 _a18 pages :
_bcolour illustrations ;
_c18 cm
336 _2rdacontent
_atext
337 _2rdamedia
_aunmediated
338 _2rdacarrier
_avolume
650 1 0 _aChildren's stories, Malay--Translations into Arabics
942 _ddc
_cB
999 _c89733
_d89733